000 01099nam a22002777a 4500
005 20180803165630.0
008 001114s2000 cauab c 000 0 eng
020 _a0930118316
040 _aDLC
_cDLC
_dDLC
_dCo-BoIAVH
041 _aeng
044 _axxu
082 0 0 _a597.92
_bN32c
100 1 _aEricson, Dawn Navarro.
_932780
245 1 0 _aChelonia :
_breturn of the sea turtle : based on a true story /
_cDawn E. Navarro, Robert E. Snodgrass, Wallace J. Nichols.
260 _a[Monterey, CA] :
_bSea Challengers,
_c2000.
300 _a40 p.,
_bilustraciones a color, mapas
_c25 x 30 cm.
650 0 _aTortuga verde
_zMexico
_zBaja California (Peninsula)
_vBiogragĂ­a
_vLiteratura juvenil
_932781
650 0 _aRescate de la vida silvestre
_zMexico
_zBaja California (Peninsula)
_vLiteratura juvenil
_932782
650 1 _aTortuga verde
_932783
650 1 _aTortugas
_992709
650 1 _aRescate de la vida silvestre
_932785
700 1 _aSnodgrass, Robert E.
_932786
700 1 _aNicholas, Wallace J.
_932787
856 4 2 _uhttp://www.e-streams.com/es0409/es0409_1502.htm
942 _2ddc
_cLIBRO
_02
999 _c9058
_d9058